Từ điển chính tả thông dụng

Từ điển lấy thực tế phát âm trong xã hội hiện nay thể hiện trên cách viết thông dụng hiện nay làm căn cứu chính để biên soạn. Hệ thống ngữ âm được chọn là hệ thống ngữ âm Hà Nội làm chuẩn theo chuẩn mục chính tả....

Description complète

Enregistré dans:
Détails bibliographiques
Auteur principal: Nguyễn, Kim Thản
Format: Livre
Langue:Undetermined
Publié: Hà Nội Khoa học Xã hội 1995
Sujets:
Tags: Ajouter un tag
Pas de tags, Soyez le premier à ajouter un tag!
Thư viện lưu trữ: Trung tâm Học liệu Trường Đại học Cần Thơ
LEADER 01019nam a2200205Ia 4500
001 CTU_53276
008 210402s9999 xx 000 0 und d
082 |a 495.922152 
082 |b Th105 
100 |a Nguyễn, Kim Thản 
245 0 |a Từ điển chính tả thông dụng 
245 0 |c Nguyễn Kim Thản 
260 |a Hà Nội 
260 |b Khoa học Xã hội 
260 |c 1995 
520 |a Từ điển lấy thực tế phát âm trong xã hội hiện nay thể hiện trên cách viết thông dụng hiện nay làm căn cứu chính để biên soạn. Hệ thống ngữ âm được chọn là hệ thống ngữ âm Hà Nội làm chuẩn theo chuẩn mục chính tả. 
650 |a Vietnamese language,Ngôn ngữ tiếng Việt 
650 |x Orthography and spelling,Chính tả và lỗi chính tả 
904 |i Năm, Trúc (sửa) 
980 |a Trung tâm Học liệu Trường Đại học Cần Thơ